000 00323 a2200157 4500
001 75378
020 _a9788520921074
040 _cAnchieta - Colégio São Paulo
100 _aZigg, Ivan
240 1 0 _a1 (um)
_lpor
245 1 0 _a1 (um)
300 _a32
362 0 _a2008
650 4 _aLiteratura infantil
942 _cBK
999 _c75378
_d75378